[Event "GRE-ch (Women) 43rd"]
[Site "Lamia"]
[Date "2021.12.08"]
[Round "5"]
[White "Androni, Konstantina"]
[Black "Skaraki, Antigoni"]
[Result "1-0"]
[WhiteElo "1970"]
[BlackElo "1979"]
[PlyCount "57"]
[EventDate "2021.12.04"]
[EventType "tourn"]
[EventRounds "9"]
[EventCountry "GRE"]
[SourceTitle "CBM 205 Extra"]
[Source "ChessBase"]
[SourceDate "2022.01.31"]
[SourceVersion "1"]
[SourceVersionDate "2022.01.31"]
[SourceQuality "1"]

1. d4 d5 2. c4 e6 3. Nc3 Nf6 4. cxd5 Nxd5 5. e4 Nxc3 6. bxc3 c5 7. Nf3 cxd4 8. cxd4 Bb4+ 9. Bd2 Bxd2+ 10. Qxd2 0-0 11. Bc4 Nd7 12. 0-0 b6 13. Rfe1 Bb7 14. Rad1 Rc8 15. Bd3 Re8 16. h4 Nf6 17. Qf4 Nh5 18. Qg4 Nf6 19. Qg5 h6 20. Qd2 Qc7 21. Bb1 Qc3 22. Qf4 Nh5 23. Qg4 Nf6 24. Qh3 Qa3 25. Re3 Rc3 26. Rxc3 Qxc3 27. e5 Nh7 28. Bxh7+ Kxh7 29. Ng5+ 1-0

[Event "GRE-ch (Women) 43rd"]
[Site "Lamia"]
[Date "2021.12.07"]
[Round "4"]
[White "Skaraki, Antigoni"]
[Black "Grapsa, Georgia"]
[Result "1/2-1/2"]
[WhiteElo "1979"]
[BlackElo "1946"]
[PlyCount "62"]
[EventDate "2021.12.04"]
[EventType "tourn"]
[EventRounds "9"]
[EventCountry "GRE"]
[SourceTitle "CBM 205 Extra"]
[Source "ChessBase"]
[SourceDate "2022.01.31"]
[SourceVersion "1"]
[SourceVersionDate "2022.01.31"]
[SourceQuality "1"]

1. Nf3 Nf6 2. g3 c5 3. Bg2 d5 4. 0-0 g6 5. d3 Bg7 6. Nc3 0-0 7. a3 Nc6 8. Rb1 Ne8 9. Bd2 Qd6 10. b4 cxb4 11. axb4 a6 12. Na4 b5 13. Nb6 Rb8 14. Nxc8 Rxc8 15. c3 e5 16. Qb3 e4 17. Bf4 Qe7 18. dxe4 dxe4 19. Nd2 Nd8 20. Nxe4 Rc4 21. Bg5 Qc7 22. Bxd8 Qxd8 23. Rbc1 Nf6 24. Nc5 Qb6 25. Ra1 a5 26. Rfd1 Qc7 27. Ra2 a4 28. Qc2 Ng4 29. Rd3 Ne5 30. Bd5 Rxc5 31. bxc5 Nxd3 1/2-1/2

[Event "GRE-chT 48th"]
[Site "Athens"]
[Date "2021.09.08"]
[Round "2.6"]
[White "Astitha, Niki"]
[Black "Skaraki, Antigoni"]
[Result "0-1"]
[WhiteElo "1037"]
[BlackElo "1956"]
[PlyCount "64"]
[EventDate "2021.09.07"]
[EventType "team-swiss"]
[EventRounds "7"]
[EventCountry "GRE"]
[SourceTitle "CBM 204 Extra"]
[Source "ChessBase"]
[SourceDate "2021.11.30"]
[SourceVersion "1"]
[SourceVersionDate "2021.11.30"]
[SourceQuality "1"]
[WhiteTeam "Keefysyas"]
[BlackTeam "Papagou"]
[WhiteTeamCountry "GRE"]
[BlackTeamCountry "GRE"]

1. e4 c5 2. Nf3 e6 3. c3 d5 4. Bb5+ Nc6 5. Qe2 Nf6 6. e5 Nd7 7. d4 Qb6 8. 0-0 cxd4 9. Bxc6 bxc6 10. cxd4 Ba6 11. Qc2 Bxf1 12. Kxf1 c5 13. Be3 Rc8 14. b3 Qa6+ 15. Qe2 Qxe2+ 16. Kxe2 cxd4 17. Bxd4 Bc5 18. Bb2 0-0 19. Nbd2 Rc7 20. Rc1 Rfc8 21. h4 Bb6 22. Rxc7 Rxc7 23. a4 Ba5 24. g4 Nc5 25. Nd4 a6 26. f4 Rb7 27. f5 Bxd2 28. Kxd2 Nxb3+ 29. Nxb3 Rxb3 30. Bc3 Ra3 31. a5 Ra4 32. g5 Rxh4 0-1

[Event "GRE-chT 48th"]
[Site "Athens"]
[Date "2021.09.07"]
[Round "1.6"]
[White "Skaraki, Antigoni"]
[Black "Zimina, Olga"]
[Result "1-0"]
[WhiteElo "1956"]
[BlackElo "2334"]
[PlyCount "147"]
[EventDate "2021.09.07"]
[EventType "team-swiss"]
[EventRounds "7"]
[EventCountry "GRE"]
[SourceTitle "CBM 204 Extra"]
[Source "ChessBase"]
[SourceDate "2021.11.30"]
[SourceVersion "1"]
[SourceVersionDate "2021.11.30"]
[SourceQuality "1"]
[WhiteTeam "Papagou"]
[BlackTeam "Piraikos"]
[WhiteTeamCountry "GRE"]
[BlackTeamCountry "GRE"]

1. Nf3 d5 2. g3 Bg4 3. Bg2 c6 4. 0-0 Nd7 5. h3 Bh5 6. d4 e6 7. c4 Ngf6 8. cxd5 cxd5 9. Nc3 Bd6 10. Qb3 Qb6 11. e4 Nxe4 12. Nxe4 dxe4 13. Ng5 Qxb3 14. axb3 f5 15. Nxe6 Rg8 16. Ra5 Be2 17. Re1 Bb4 18. Nc7+ Kd8 19. Rxe2 Bxa5 20. Nxa8 Nf6 21. Rc2 Kd7 22. b4 Bd8 23. f3 Re8 24. Bf1 a6 25. b5 exf3 26. bxa6 bxa6 27. Bxa6 Re4 28. Bb5+ Ke7 29. Bg5 Rxd4 30. Nc7 Kf7 31. Bc4+ Kg6 32. Bxf6 Kxf6 33. Nd5+ Ke5 34. Kf2 Ke4 35. b3 f4 36. Nc3+ Ke5 37. Kxf3 fxg3 38. Re2+ Kf5 39. Be6+ Kg6 40. Bc4 h5 41. Kxg3 Bf6 42. Nd5 Bh4+ 43. Kf3 Bg5 44. Ne7+ Kh7 45. Re5 Rf4+ 46. Kg2 Kh6 47. Ng8+ Kg6 48. Bd3+ Kf7 49. Rxg5 Kxg8 50. Rxh5 Rd4 51. Bc4+ Kf8 52. Rf5+ Ke8 53. Kg3 Rd1 54. Rf1 Rd4 55. h4 Re4 56. Rf2 Rd4 57. h5 Rd1 58. Kg4 Rg1+ 59. Kf5 Ke7 60. Rf4 Kf8 61. Bd5 Rg3 62. b4 Rg1 63. b5 Rb1 64. Bc4 Ke7 65. Rg4 Kf8 66. Ke5 Rh1 67. Rg5 Ke8 68. Kd5 Kd8 69. Kc6 Rc1 70. Rc5 Rg1 71. b6 Kc8 72. Re5 Kd8 73. b7 Rg6+ 74. Kb5 1-0

[Event "GRE-chT Online Rapid (Women) 1st"]
[Site "Tornelo INT"]
[Date "2021.02.21"]
[Round "7.3"]
[White "Skaraki, Antigoni"]
[Black "Grapsa, Georgia"]
[Result "1-0"]
[WhiteElo "1956"]
[BlackElo "1950"]
[PlyCount "93"]
[EventDate "2021.02.20"]
[EventType "team-swiss (rapid)"]
[EventRounds "9"]
[EventCountry "GRE"]
[SourceTitle "EXT 2023"]
[Source "ChessBase"]
[SourceDate "2022.10.05"]
[SourceVersion "1"]
[SourceVersionDate "2022.10.05"]
[SourceQuality "1"]

1. e4 c5 2. Nf3 d6 3. d4 cxd4 4. Nxd4 Nf6 5. Nc3 a6 6. f4 e5 7. Nf3 Nbd7 8. Bd3 Be7 9. 0-0 0-0 10. Kh1 b5 11. a3 Bb7 12. Qe1 Qc7 13. Nh4 Rfe8 14. Nf5 Bf8 15. fxe5 Nxe5 16. Bg5 Nfg4 17. Qg3 f6 18. Bf4 Nxd3 19. cxd3 Ne5 20. Rac1 Qd7 21. h3 Kh8 22. Rcd1 d5 23. Nh4 d4 24. Ne2 Rac8 25. Rc1 Nf7 26. Bd2 Bd6 27. Qf2 Be5 28. Nf5 Red8 29. Rxc8 Bxc8 30. Rc1 Bb7 31. Ba5 Rc8 32. Rxc8+ Bxc8 33. Nfxd4 Qa7 34. Bc3 a5 35. Qg1 b4 36. axb4 axb4 37. Bxb4 Qa2 38. Bc3 Ba6 39. Qd1 Ng5 40. Ng1 g6 41. Ngf3 Nxf3 42. Nxf3 Qe6 43. Bxe5 fxe5 44. d4 exd4 45. Qxd4+ Kg8 46. Ng5 Qc6 47. Qd5+ 1-0

[Event "GRE-ch (Women) 41st"]
[Site "Thessaloniki"]
[Date "2018.12.18"]
[Round "7"]
[White "Tsivelekidou, Evgenia"]
[Black "Skaraki, Antigoni"]
[Result "1-0"]
[WhiteElo "1861"]
[BlackElo "2012"]
[PlyCount "107"]
[EventDate "2018.12.12"]
[EventType "tourn"]
[EventRounds "9"]
[EventCountry "GRE"]
[SourceTitle "CBM 187 Extra"]
[Source "ChessBase"]
[SourceDate "2018.11.04"]
[SourceVersion "1"]
[SourceVersionDate "2018.11.04"]
[SourceQuality "1"]

1. d4 g6 2. Nc3 Bg7 3. e4 d6 4. Bf4 a6 5. Qd2 Nd7 6. Nf3 b5 7. a4 b4 8. Nd5 a5 9. Bd3 Bb7 10. c4 e6 11. Ne3 Ngf6 12. Qc2 h6 13. h3 Nh5 14. Bh2 e5 15. dxe5 dxe5 16. c5 c6 17. 0-0 0-0 18. Nc4 Ba6 19. Rfd1 Bxc4 20. Qxc4 Qe7 21. Rac1 Rfd8 22. Bf1 Nf4 23. Rd6 Ne6 24. Rxc6 Kh7 25. b3 g5 26. Bg3 Rac8 27. Rxc8 Rxc8 28. c6 f6 29. Qa6 Rc7 30. Qxa5 Bf8 31. Qd5 Nb6 32. Qb5 Nc8 33. Qd5 Nb6 34. Qb5 Nc8 35. Kh2 Nd8 36. Qd5 Nb6 37. Qb5 Nc8 38. Qd5 Nb6 39. Qb5 Nc8 40. Qa6 Na7 41. Qb6 Nc8 42. Qb5 Na7 43. Qd5 h5 44. h4 g4 45. Ne1 Naxc6 46. Bc4 Nd4 47. Qg8+ Kh6 48. Nc2 N8c6 49. Ne3 Qg7 50. Qxg7+ Kxg7 51. Bd5 Bd6 52. Bxc6 Kf8 53. Nf5 Be7 54. Nxd4 1-0

[Event "GRE-ch (Women) 41st"]
[Site "Thessaloniki"]
[Date "2018.12.17"]
[Round "6"]
[White "Skaraki, Antigoni"]
[Black "Grapsa, Georgia"]
[Result "0-1"]
[WhiteElo "2012"]
[BlackElo "2097"]
[PlyCount "74"]
[EventDate "2018.12.12"]
[EventType "tourn"]
[EventRounds "9"]
[EventCountry "GRE"]
[SourceTitle "CBM 187 Extra"]
[Source "ChessBase"]
[SourceDate "2018.11.04"]
[SourceVersion "1"]
[SourceVersionDate "2018.11.04"]
[SourceQuality "1"]

1. e4 c5 2. Nc3 d6 3. g3 Nc6 4. Bg2 g6 5. d3 Bg7 6. Be3 Rb8 7. Nge2 b5 8. Qd2 b4 9. Nd1 a5 10. c3 Ne5 11. f4 Bh3 12. 0-0 Bxg2 13. Kxg2 Ng4 14. Bg1 f5 15. exf5 gxf5 16. h3 N4f6 17. Ne3 Nh6 18. a3 0-0 19. axb4 axb4 20. Qc2 Qb6 21. Nc4 Qb7+ 22. Kf2 Qh1 23. h4 Nhg4+ 24. Ke1 Qg2 25. Qd2 Ra8 26. Rc1 Rfb8 27. Ne3 Nxe3 28. Qxe3 Kf7 29. Kd2 bxc3+ 30. bxc3 Ra2+ 31. Ke1 Rbb2 32. Rf2 Rxe2+ 33. Rxe2 Rxe2+ 34. Qxe2 Qxg1+ 35. Kd2 Qxg3 36. Rf1 Nd5 37. Re1 Bxc3+ 0-1

[Event "GRE-ch (Women) 41st"]
[Site "Thessaloniki"]
[Date "2018.12.16"]
[Round "5"]
[White "Androni, Konstantina"]
[Black "Skaraki, Antigoni"]
[Result "1-0"]
[WhiteElo "1912"]
[BlackElo "2012"]
[PlyCount "69"]
[EventDate "2018.12.12"]
[EventType "tourn"]
[EventRounds "9"]
[EventCountry "GRE"]
[SourceTitle "CBM 187 Extra"]
[Source "ChessBase"]
[SourceDate "2018.11.04"]
[SourceVersion "1"]
[SourceVersionDate "2018.11.04"]
[SourceQuality "1"]

1. d4 g6 2. e4 Bg7 3. c4 d6 4. Nc3 Nf6 5. Bg5 0-0 6. Qd2 c5 7. d5 Qa5 8. Bd3 Nbd7 9. f4 e6 10. Nge2 exd5 11. exd5 Re8 12. 0-0 b5 13. cxb5 Nxd5 14. f5 Bb7 15. Bh6 Nxc3 16. Nxc3 Bd4+ 17. Kh1 Ne5 18. fxg6 hxg6 19. Qf4 Qd8 20. Be4 d5 21. Bc2 Re6 22. Bg5 Qf8 23. Rad1 Rae8 24. Qh4 f5 25. Ne2 Ng4 26. Nxd4 cxd4 27. Rxd4 Qc5 28. Rxg4 fxg4 29. Bf6 Rxf6 30. Qxf6 Qe7 31. Qxg6+ Kh8 32. Qh5+ Kg8 33. Bg6 Rf8 34. Rxf8+ Kxf8 35. Qh8# 1-0

[Event "GRE-ch (Women) 41st"]
[Site "Thessaloniki"]
[Date "2018.12.13"]
[Round "2"]
[White "Skaraki, Antigoni"]
[Black "Fragkou, Eleni"]
[Result "0-1"]
[WhiteElo "2012"]
[BlackElo "2031"]
[PlyCount "90"]
[EventDate "2018.12.12"]
[EventType "tourn"]
[EventRounds "9"]
[EventCountry "GRE"]
[SourceTitle "CBM 187 Extra"]
[Source "ChessBase"]
[SourceDate "2018.11.04"]
[SourceVersion "1"]
[SourceVersionDate "2018.11.04"]
[SourceQuality "1"]

1. e4 e5 2. Nf3 Nc6 3. Nc3 Nf6 4. d4 exd4 5. Nxd4 Bb4 6. Nxc6 bxc6 7. Bd3 d5 8. exd5 cxd5 9. 0-0 0-0 10. h3 h6 11. Qf3 c6 12. Bf4 a5 13. Ne2 Bc5 14. Rfe1 Re8 15. Ng3 Be6 16. Rad1 Nh7 17. Bxh6 gxh6 18. Bxh7+ Kxh7 19. Nh5 Qg5 20. Nf6+ Kg7 21. Nxe8+ Rxe8 22. h4 Qf6 23. Rd3 Qxf3 24. Rxf3 Rb8 25. b3 Rb4 26. g3 Rd4 27. Kg2 Rd2 28. c4 Rxa2 29. Rc1 Ba3 30. Rcc3 Bb4 31. Rc1 Bd2 32. cxd5 Bxd5 33. Rd1 Bxf3+ 34. Kxf3 Bb4 35. Rc1 c5 36. g4 Rb2 37. g5 Rxb3+ 38. Kg4 hxg5 39. hxg5 a4 40. f4 Ba3 41. Ra1 c4 42. f5 c3 43. f6+ Kg6 44. Ra2 Rb4+ 45. Kf3 Bb2 0-1

[Event "GRE-chT 46th"]
[Site "Rio Achaia"]
[Date "2018.07.12"]
[Round "4.2"]
[White "Paehtz, Elisabeth"]
[Black "Skaraki, Antigoni"]
[Result "1-0"]
[WhiteElo "2489"]
[BlackElo "2027"]
[PlyCount "81"]
[EventDate "2018.07.10"]
[EventType "team"]
[EventRounds "7"]
[EventCountry "GRE"]
[SourceTitle "CBM 185 Extra"]
[Source "ChessBase"]
[SourceDate "2018.07.29"]
[SourceVersion "1"]
[SourceVersionDate "2018.07.29"]
[SourceQuality "1"]
[WhiteTeam "Kavalas"]
[BlackTeam "Chania OA"]
[WhiteTeamCountry "GRE"]
[BlackTeamCountry "GRE"]

1. d4 Nf6 2. Bf4 g6 3. Nc3 Bg7 4. e4 d6 5. Qd2 0-0 6. 0-0-0 c6 7. Bh6 b5 8. f3 Qa5 9. Kb1 Be6 10. Nd5 Qxd2 11. Nxf6+ Bxf6 12. Rxd2 Rc8 13. Be3 a5 14. Ne2 Bc4 15. b3 Bxe2 16. Bxe2 b4 17. f4 Na6 18. Bg4 Rc7 19. Bf3 Bg7 20. e5 d5 21. g4 e6 22. h4 c5 23. h5 c4 24. hxg6 hxg6 25. f5 cxb3 26. cxb3 Rc3 27. Re2 gxf5 28. gxf5 exf5 29. Bxd5 Rd8 30. Bc4 Nc7 31. Rg1 Kf8 32. Rf1 Nd5 33. Bd2 Rh3 34. Rxf5 Rh1+ 35. Kc2 Ra1 36. Kb2 Rd1 37. e6 Bxd4+ 38. Kc2 Ne3+ 39. Bxe3 Bxe3 40. e7+ Kxe7 41. Rxe3+ 1-0

[Event "GRE-chT 46th"]
[Site "Rio Achaia"]
[Date "2018.07.10"]
[Round "1.16"]
[White "Prokopiou, Ekaterini"]
[Black "Skaraki, Antigoni"]
[Result "0-1"]
[WhiteElo "1661"]
[BlackElo "2027"]
[PlyCount "110"]
[EventDate "2018.07.10"]
[EventType "team"]
[EventRounds "7"]
[EventCountry "GRE"]
[SourceTitle "CBM 185 Extra"]
[Source "ChessBase"]
[SourceDate "2018.07.29"]
[SourceVersion "1"]
[SourceVersionDate "2018.07.29"]
[SourceQuality "1"]
[WhiteTeam "Ioannites Skakiston"]
[BlackTeam "Chania OA"]
[WhiteTeamCountry "GRE"]
[BlackTeamCountry "GRE"]

1. d4 Nf6 2. c4 g6 3. Nc3 Bg7 4. Nf3 0-0 5. Bf4 d6 6. h3 c5 7. e3 Qa5 8. Qd2 a6 9. Be2 Re8 10. d5 Bd7 11. e4 b5 12. e5 dxe5 13. Nxe5 b4 14. Nd1 Ne4 15. Qe3 b3+ 16. Nc3 Bf5 17. 0-0 Nxc3 18. Qxc3 Qxc3 19. bxc3 b2 20. Rab1 Bxb1 21. Rxb1 g5 22. Bg3 Bxe5 23. Bxe5 Nd7 24. Bg3 f5 25. Bc7 Ra7 26. Bh5 Rc8 27. d6 exd6 28. Bxd6 Nf6 29. Bf3 Ne4 30. Bxe4 fxe4 31. Rxb2 Rd7 32. Rb6 a5 33. Ra6 h5 34. a4 Kh7 35. Kh2 h4 36. Kg1 Kg7 37. Be5+ Kf7 38. Rf6+ Ke7 39. Rg6 Rd1+ 40. Kh2 Rf1 41. Rxg5 Rxf2 42. Rg4 Re2 43. Rxh4 Ke6 44. Bg3 Rd8 45. Rh6+ Kf7 46. Bd6 e3 47. h4 Rg8 48. Bg3 Ra2 49. Rc6 Re8 50. Rxc5 e2 51. Rxa5 e1Q 52. Bxe1 Rxe1 53. Rg5 Rxa4 54. Rg4 Re3 55. h5 Rxc3 0-1

[Event "GRE-ch (Women) 40th"]
[Site "Thessaloniki"]
[Date "2018.01.06"]
[Round "5"]
[White "Georgitsi, Antigoni"]
[Black "Skaraki, Antigoni"]
[Result "1/2-1/2"]
[WhiteElo "1804"]
[BlackElo "2013"]
[PlyCount "75"]
[EventDate "2018.01.02"]
[EventType "tourn"]
[EventRounds "9"]
[EventCountry "GRE"]
[SourceTitle "CBM 182 Extra"]
[Source "ChessBase"]
[SourceDate "2018.02.23"]
[SourceVersion "1"]
[SourceVersionDate "2018.02.23"]
[SourceQuality "1"]

1. c4 Nf6 2. Nc3 g6 3. e4 d6 4. d4 Bg7 5. f3 0-0 6. Be3 c5 7. d5 e6 8. Qd2 exd5 9. cxd5 Re8 10. Be2 Nbd7 11. Nh3 Ne5 12. Nf2 a6 13. a4 Qa5 14. Rb1 Bd7 15. h3 b5 16. axb5 axb5 17. f4 Nc4 18. Bxc4 bxc4 19. 0-0 Nh5 20. Kh2 f5 21. g4 Nf6 22. gxf5 gxf5 23. Rg1 fxe4 24. Nfxe4 Rxe4 25. Nxe4 Qxd2+ 26. Nxd2 Nxd5 27. Nxc4 Kf8 28. Rgd1 Bc6 29. Ra1 Rxa1 30. Rxa1 Nxe3 31. Nxe3 Bxb2 32. Ra6 Bc1 33. Rxc6 Bxe3 34. Kg3 d5 35. Kf3 Bg1 36. Kg2 Be3 37. Kf3 Bg1 38. Kg2 1/2-1/2

[Event "GRE-ch (Women) 40th"]
[Site "Thessaloniki"]
[Date "2018.01.05"]
[Round "4"]
[White "Skaraki, Antigoni"]
[Black "Makka, Evanthia"]
[Result "1/2-1/2"]
[WhiteElo "2013"]
[BlackElo "2092"]
[PlyCount "96"]
[EventDate "2018.01.02"]
[EventType "tourn"]
[EventRounds "9"]
[EventCountry "GRE"]
[SourceTitle "CBM 182 Extra"]
[Source "ChessBase"]
[SourceDate "2018.02.23"]
[SourceVersion "1"]
[SourceVersionDate "2018.02.23"]
[SourceQuality "1"]

1. e4 c6 2. d4 d5 3. exd5 cxd5 4. c4 Nf6 5. Nc3 g6 6. c5 Bg7 7. h3 0-0 8. Nf3 b6 9. b4 a5 10. Na4 Nfd7 11. a3 axb4 12. cxb6 bxa3 13. Qb3 Nc6 14. Qxd5 Rxa4 15. Qxc6 Nxb6 16. Rxa3 Rxa3 17. Bxa3 Bxd4 18. Be2 Bd7 19. Qc1 Bf6 20. 0-0 Qa8 21. Bb2 Bxb2 22. Qxb2 Nd5 23. Ne5 Be6 24. Ra1 Qd8 25. Bf3 Qd6 26. Bxd5 Qxd5 27. Nf3 Bxh3 28. Ra7 Bg4 29. Nd4 e5 30. Nc2 Qd1+ 31. Kh2 Qe2 32. Rc7 Bf5 33. f3 e4 34. Qb3 Qf2 35. Qe3 Qh4+ 36. Kg1 Qg3 37. f4 Qg4 38. Nd4 Qd1+ 39. Kh2 Qh5+ 40. Kg1 Rd8 41. Qb3 Rf8 42. Nc6 Be6 43. Qb2 h6 44. Qf6 Qc5+ 45. Kh2 Qh5+ 46. Kg1 Qc5+ 47. Kh2 Qh5+ 48. Kg1 Qc5+ 1/2-1/2

[Event "EU-chT (Women) 21st"]
[Site "Heraklion"]
[Date "2017.11.03"]
[Round "6.3"]
[White "Skaraki, Antigoni"]
[Black "Koljevic, Nikolina"]
[Result "1-0"]
[WhiteElo "1992"]
[BlackElo "1837"]
[PlyCount "95"]
[EventDate "2017.10.28"]
[EventType "team-swiss"]
[EventRounds "9"]
[EventCountry "GRE"]
[SourceTitle "CBM 181 Extra"]
[Source "ChessBase"]
[SourceDate "2017.12.12"]
[SourceVersion "1"]
[SourceVersionDate "2017.12.12"]
[SourceQuality "1"]
[WhiteTeam "Greece (W) II"]
[BlackTeam "Montenegro (W)"]
[WhiteTeamCountry "GRE"]
[BlackTeamCountry "MNE"]

1. e4 c5 2. Nf3 e6 3. g3 d5 4. exd5 exd5 5. Bg2 Nf6 6. 0-0 Be7 7. d4 0-0 8. Nc3 Nc6 9. dxc5 Bxc5 10. Bg5 d4 11. Bxf6 Qxf6 12. Ne4 Qe7 13. Re1 Bg4 14. h3 Bxf3 15. Qxf3 Bb6 16. Qh5 h6 17. a3 Qd7 18. Qxh6 Qf5 19. Qh4 d3 20. g4 Qg6 21. cxd3 Bd8 22. Qg3 Nd4 23. Rac1 Qh6 24. Qe3 Qb6 25. b4 Ne6 26. Qxb6 Bxb6 27. Nc5 Rad8 28. Bxb7 Nf4 29. Be4 Nxh3+ 30. Kf1 Nf4 31. Rc3 Ne6 32. Rec1 Nd4 33. a4 Ne6 34. a5 Nxc5 35. bxc5 Bxa5 36. Ra3 Bb4 37. Rxa7 Rc8 38. c6 Bd6 39. Rb1 g6 40. Rbb7 Bc5 41. Ra5 Bd6 42. d4 Rc7 43. Rxc7 Bxc7 44. Ra7 Rc8 45. Bd5 g5 46. Bc4 Kf8 47. f3 Ke7 48. Ba6 1-0

[Event "EU-chT (Women) 21st"]
[Site "Heraklion"]
[Date "2017.10.31"]
[Round "4.3"]
[White "Skaraki, Antigoni"]
[Black "Maroroa, Sue Yuchan"]
[Result "1/2-1/2"]
[WhiteElo "1992"]
[BlackElo "2077"]
[PlyCount "99"]
[EventDate "2017.10.28"]
[EventType "team-swiss"]
[EventRounds "9"]
[EventCountry "GRE"]
[SourceTitle "CBM 181 Extra"]
[Source "ChessBase"]
[SourceDate "2017.12.12"]
[SourceVersion "1"]
[SourceVersionDate "2017.12.12"]
[SourceQuality "1"]
[WhiteTeam "Greece (W) II"]
[BlackTeam "England (W)"]
[WhiteTeamCountry "GRE"]
[BlackTeamCountry "ENG"]

1. e4 e5 2. Nf3 Nc6 3. Bb5 a6 4. Ba4 Nf6 5. d3 d6 6. c3 g6 7. Nbd2 Bg7 8. Nf1 0-0 9. Ng3 b5 10. Bc2 d5 11. 0-0 dxe4 12. dxe4 Qe7 13. Qe2 Be6 14. Rd1 Rfd8 15. Be3 Rxd1+ 16. Rxd1 Bc4 17. Bd3 Bxa2 18. Ra1 Qe6 19. b4 Bc4 20. Bxc4 bxc4 21. Nd2 Na7 22. Bxa7 Rxa7 23. Qxc4 Qb6 24. Ra5 Ne8 25. Ngf1 Nd6 26. Qd5 Qb7 27. Qd3 Ra8 28. h3 Nb5 29. Nb3 Qc6 30. c4 Nd6 31. Nc5 Nb7 32. Nxb7 Qxb7 33. Ra4 Bf8 34. b5 axb5 35. Rxa8 Qxa8 36. cxb5 Bc5 37. Qd7 Qxe4 38. Qd8+ Kg7 39. Qxc7 Qd4 40. Ne3 Qa1+ 41. Kh2 Qd4 42. g3 h5 43. h4 Kg8 44. Qc6 Bb6 45. Kg2 Ba7 46. Qd5 Kf8 47. Qa8+ Kg7 48. Qd5 Kf8 49. Qa8+ Kg7 50. Qd5 1/2-1/2

[Event "GRE-chT 45th"]
[Site "Achaia"]
[Date "2017.07.03"]
[Round "1.2"]
[White "Skaraki, Antigoni"]
[Black "Tsolakidou, Stavroula"]
[Result "1/2-1/2"]
[WhiteElo "1947"]
[BlackElo "2365"]
[PlyCount "105"]
[EventDate "2017.07.03"]
[EventType "team-swiss"]
[EventRounds "7"]
[EventCountry "GRE"]
[SourceTitle "CBM 179 Extra"]
[Source "ChessBase"]
[SourceDate "2017.08.23"]
[SourceVersion "1"]
[SourceVersionDate "2017.08.23"]
[SourceQuality "1"]
[WhiteTeam "Chania OA"]
[BlackTeam "Kavalas CN"]
[WhiteTeamCountry "GRE"]
[BlackTeamCountry "GRE"]

1. e4 c5 2. Nf3 d6 3. d4 cxd4 4. Nxd4 Nf6 5. Nc3 a6 6. Qf3 g6 7. h3 Bg7 8. Be3 0-0 9. g4 Bd7 10. g5 Nh5 11. Nf5 Bxf5 12. exf5 Bxc3+ 13. bxc3 Qa5 14. Bd3 Qxc3+ 15. Ke2 Nc6 16. Qe4 d5 17. Qxd5 Rad8 18. Qc4 Nd4+ 19. Bxd4 Qxc4 20. Bxc4 Rxd4 21. Bd3 Ra4 22. fxg6 fxg6 23. Ke3 Nf4 24. Be4 Ra3+ 25. Bd3 b5 26. h4 e5 27. Rh2 Rd8 28. Ke4 Nxd3 29. cxd3 Rdxd3 30. Kxe5 Rd2 31. Rc1 Re2+ 32. Kf4 Raxa2 33. Rc8+ Kf7 34. Rc7+ Re7 35. Rc6 Kg7 36. Kg3 Rf7 37. h5 gxh5 38. Rh6 Ra3+ 39. Kg2 Ra2 40. Kg3 Kg8 41. R2xh5 b4 42. Rb6 a5 43. f4 Ra1 44. Rb5 Rg1+ 45. Kh2 Rf1 46. Rxa5 R1xf4 47. Rb5 Rc4 48. Rh6 Kg7 49. Rhb6 Rff4 50. Rb7+ Kg6 51. R7b6+ Kf7 52. Rb7+ Kg6 53. R7b6+ 1/2-1/2

[Event "GRE-chT 41st"]
[Site "Achaia"]
[Date "2013.07.06"]
[Round "6.5"]
[White "Tsarouha, Marianthi"]
[Black "Skaraki, Antigoni"]
[Result "1-0"]
[WhiteElo "1833"]
[BlackElo "1923"]
[PlyCount "71"]
[EventDate "2013.07.02"]
[EventType "team-swiss"]
[EventRounds "7"]
[EventCountry "GRE"]
[SourceTitle "CBM 155 Extra"]
[Source "ChessBase"]
[SourceDate "2013.08.26"]
[SourceVersion "1"]
[SourceVersionDate "2013.08.26"]
[SourceQuality "1"]
[WhiteTeam "Chania ADA"]
[BlackTeam "AEK"]
[WhiteTeamCountry "GRE"]
[BlackTeamCountry "GRE"]

1. d4 Nf6 2. c4 g6 3. Nc3 Bg7 4. e4 d6 5. f4 0-0 6. Nf3 c5 7. d5 e6 8. Be2 exd5 9. cxd5 Re8 10. Nd2 b6 11. 0-0 Ba6 12. Bxa6 Nxa6 13. a3 Qe7 14. Re1 Nc7 15. Nc4 Rad8 16. Bd2 b5 17. Na5 Qd7 18. Qf3 b4 19. axb4 cxb4 20. Na4 Nb5 21. Nc6 Rc8 22. Bxb4 h5 23. Nc3 Nc7 24. Nxa7 Ra8 25. Nc6 Rxa1 26. Rxa1 Ra8 27. Rxa8+ Nxa8 28. Nb5 Ne8 29. Bc3 Nf6 30. Qe3 Qg4 31. Nxd6 Qd1+ 32. Qe1 Qd3 33. Qd2 Qb1+ 34. Qe1 Qd3 35. Nb4 Qxe4 36. Nxe4 1-0

[Event "Ambelokipi op 133th"]
[Site "Athens"]
[Date "2013.04.03"]
[Round "4"]
[White "Sideris, Theodoros"]
[Black "Skaraki, Antigoni"]
[Result "1-0"]
[WhiteElo "1993"]
[BlackElo "1889"]
[PlyCount "68"]
[EventDate "2013.03.13"]
[EventType "swiss"]
[EventRounds "7"]
[EventCountry "GRE"]
[SourceTitle "EXT 2024"]
[Source "ChessBase"]
[SourceDate "2023.10.10"]
[SourceVersion "1"]
[SourceVersionDate "2023.10.10"]
[SourceQuality "1"]

1. e4 c5 2. c3 Nf6 3. e5 Nd5 4. d4 cxd4 5. cxd4 e6 6. Nf3 d6 7. Bc4 Nc6 8. 0-0 Be7 9. a3 0-0 10. Bd3 a6 11. Re1 Qc7 12. Qc2 g6 13. Nc3 b5 14. Nxd5 exd5 15. Bh6 Re8 16. Rac1 Bd7 17. e6 Rac8 18. exd7 Qxd7 19. Qd2 Bf6 20. Qf4 Bg7 21. Bxg7 Kxg7 22. h4 h5 23. Rxe8 Rxe8 24. Re1 Rxe1+ 25. Nxe1 b4 26. Bxa6 bxa3 27. bxa3 Qa7 28. Bb5 Nxd4 29. a4 Nxb5 30. axb5 Qa1 31. Qb4 d4 32. Kh2 Qd1 33. Nf3 Qc1 34. Qxd4+ Kg8 1-0

[Event "GRE-chT 40th"]
[Site "Achaia"]
[Date "2012.07.03"]
[Round "5.4"]
[White "Skaraki, Antigoni"]
[Black "Vafiadou, Asimenia"]
[Result "1-0"]
[WhiteElo "1793"]
[BlackElo "1665"]
[PlyCount "69"]
[EventDate "2012.06.30"]
[EventType "team-swiss"]
[EventRounds "7"]
[EventCountry "GRE"]
[SourceTitle "CBM 149 Extra"]
[Source "ChessBase"]
[SourceDate "2012.08.24"]
[SourceVersion "1"]
[SourceVersionDate "2012.08.24"]
[SourceQuality "1"]
[WhiteTeam "Nice Fysiolatris"]
[BlackTeam "Triandrias"]
[WhiteTeamCountry "GRE"]
[BlackTeamCountry "GRE"]

1. e4 Nf6 2. e5 Nd5 3. d4 d6 4. c4 Nb6 5. exd6 exd6 6. Nc3 Nc6 7. Be2 Be7 8. h3 0-0 9. Nf3 Re8 10. 0-0 Bf5 11. Bf4 Bf6 12. b3 Bg6 13. Qd2 Bh5 14. Be3 a5 15. Nh2 Bxe2 16. Nxe2 a4 17. Ng4 Be7 18. Ng3 Qd7 19. Qd3 axb3 20. axb3 Nb4 21. Qc3 Na6 22. d5 f5 23. Nh5 Bh4 24. Nh2 Qf7 25. Nf4 Bf6 26. Bd4 Bxd4 27. Qxd4 Nc5 28. Rxa8 Rxa8 29. b4 Ne4 30. Ne6 Qd7 31. g4 fxg4 32. Qxe4 gxh3 33. Kh1 Qf7 34. Rg1 g6 35. Ng4 1-0